logo

Bir Sreshtho Munshi Abdur Rouf Library
Jhenaidah Cadet College

Portrait of America / (Record no. 7507)

MARC details
000 -LEADER
fixed length control field 00572nam a2200229 a 4500
001 - CONTROL NUMBER
JCCL Control Number 7507
003 - CONTROL NUMBER IDENTIFIER
JCCL marc code BD-JhCC
005 - DATE AND TIME OF LATEST TRANSACTION
control field 20180215095635.0
008 - FIXED-LENGTH DATA ELEMENTS--GENERAL INFORMATION
fixed length control field 180211s1983 enka|||| ||a| 000 0 eng d
020 ## - INTERNATIONAL STANDARD BOOK NUMBER
International Standard Book Number 0395327784
035 ## - SYSTEM CONTROL NUMBER
system control number (BD-JhCC)7507
040 ## - CATALOGING SOURCE
Original cataloging agency BD-JhCC
Modifying agency BD-JhCC
041 ## - LANGUAGE CODE
Language code of Book eng
082 ## - DEWEY DECIMAL CLASSIFICATION NUMBER
Classification number 973
Author mark and Year OAT 1983
100 ## - MAIN ENTRY--PERSONAL NAME
Personal name Oates, Stephen B.
245 ## - TITLE STATEMENT
Title Portrait of America /
Statement of responsibility, etc Stephen B. Oates
260 ## - PUBLICATION, DISTRIBUTION, ETC. (IMPRINT)
Place of publication, distribution, etc London :
Name of publisher, distributor, etc Houghton Mifflin Company,
Date of publication, distribution, etc 1983.
300 ## - PHYSICAL DESCRIPTION
Pagination 400 p. :
Dimensions 24 cm.
650 ## - SUBJECT ADDED ENTRY--TOPICAL TERM
Topical term or geographic name as entry element United States
942 ## - ADDED ENTRY ELEMENTS (KOHA)
Source of classification or shelving scheme Dewey Decimal Classification
Koha item type Books
Holdings
Source of classification or shelving scheme Damaged status Not for loan Home library Current library Shelving location Date of accession Total Checkouts Full call number Barcode Date last seen Copy number Koha item type
Dewey Decimal Classification     JCC Rouf Library JCC Rouf Library General Stacks 02/11/2018   973 OAT 1983 10037 02/11/2018 C-1 Books

JCC Library | Contacts | JCC Home

Last Update on 23 September 2017
Copyright @ 2017-2020 JCC Rouf Library
Rouf Library, Jhenidah Cadet College (JCC), Bangladesh